| 000 | 00753nam a22002531 4500 | ||
|---|---|---|---|
| 999 |
_c20391 _d20391 |
||
| 001 | 754387 | ||
| 003 | BDDh-ASL | ||
| 005 | 20231015025901.0 | ||
| 008 | 740506r19631914le b 000 0 eng | ||
| 010 | _a 67004995 | ||
| 040 |
_aDLC _cDLC _dDLC _dBDDh-ASL |
||
| 050 | 0 | 0 |
_aBP189 _b.N49 1966 |
| 082 | 0 | 0 |
_a297.09 _bNIM |
| 100 | 1 |
_aNicholson, Reynold Alleyne, _d1868-1945. |
|
| 245 | 1 | 4 | _aThe mystics of Islam/ |
| 260 |
_aLondon: _bRoutledge and Kegan Paul Ltd, _c1963. |
||
| 300 |
_avi, 178 p. _c18 cm. |
||
| 490 | 0 | _aKhayats oriental reprint no. 19 | |
| 500 | _a"Reprinted from the original edition 1914." | ||
| 504 | _aBibliography: p. 169-171. | ||
| 650 | 0 | _aSufism. | |
| 906 |
_a7 _bcbc _corignew _du _eocip _f19 _gy-gencatlg |
||
| 942 |
_2ddc _cBK |
||